Die teuersten Fußballtransfers - Außenverteidiger - Statistiken

Allgemein
  • Dieses Quiz wurde 63 mal gespielt
  • Das Durchschnittsergebnis liegt bei 8 aus 10
Antwortstatistiken
Ablöse (M €) Saison Nationalität Abgebender Verein Aufnehmender Verein Spieler % Korrekt
68,00 2021-2022 Marokko Inter Mailand Paris SG Achraf Hakimi
98%
80,00 2019-2020 Frankreich Atlético Madrid Bayernn München Lucas Hernández
98%
65,30 2022-2023 Spanien Brighton FC Chelsea Marc Cucurella
87%
52,70 2017-2018 England Tottenham Manchester City Kyle Walker
85%
57,50 2017-2018 Frankreich AS Monaco Manchester City Benjamin Mendy
81%
48,00 2019-2020 Frankreich Olympique Lyon Real Madrid Ferland Mendy
81%
65,00 2019-2020 Portugal Juventus Turin Manchester City João Cancelo
80%
58,50 2021-2022 England Brighton FC Arsenal Ben White
70%
55,00 2019-2020 England Crystal Palace Manchester United Aaron Wan-Bissaka
67%
50,20 2020-2021 England Leicester City FC Chelsea Ben Chilwell
57%
Keine übereinstimmenden Quizze gefunden
Verteilung der Resultate
Anzahl Personen mit jedem Resultat
Perzentil nach korrekt beantworteten Fragen
Ihre Resultats-Entwicklung
Sie haben dieses Quiz noch nicht gespielt